<?xml version="1.0" encoding="UTF-8"?>
<record
    xmlns:xsi="http://www.w3.org/2001/XMLSchema-instance"
    xsi:schemaLocation="http://www.loc.gov/MARC21/slim http://www.loc.gov/standards/marcxml/schema/MARC21slim.xsd"
    xmlns="http://www.loc.gov/MARC21/slim">

  <leader>00678nam a22002057a 4500</leader>
  <controlfield tag="005">20230619102100.0</controlfield>
  <controlfield tag="008">230619b           ||||| |||| 00| 0 eng d</controlfield>
  <datafield tag="020" ind1=" " ind2=" ">
    <subfield code="a">9788126434671</subfield>
  </datafield>
  <datafield tag="040" ind1=" " ind2=" ">
    <subfield code="c">AL</subfield>
  </datafield>
  <datafield tag="041" ind1=" " ind2=" ">
    <subfield code="a">mal</subfield>
  </datafield>
  <datafield tag="082" ind1=" " ind2=" ">
    <subfield code="2">23</subfield>
    <subfield code="a">894.8124</subfield>
    <subfield code="b">THAS</subfield>
  </datafield>
  <datafield tag="100" ind1=" " ind2=" ">
    <subfield code="a">Rosi Thampy: &#xD31;&#xD4B;&#xD38;&#xD3F; &#xD24;&#xD2E;&#xD4D;&#xD2A;&#xD2F;&#xD4D; </subfield>
    <subfield code="9">124256</subfield>
  </datafield>
  <datafield tag="245" ind1=" " ind2=" ">
    <subfield code="a">Sahajeevanam: &#xD38;&#xD39;&#xD1C;&#xD40;&#xD35;&#xD28;&#xD02; </subfield>
  </datafield>
  <datafield tag="260" ind1=" " ind2=" ">
    <subfield code="a">Kerala</subfield>
    <subfield code="b">D C Books </subfield>
    <subfield code="c">2012</subfield>
  </datafield>
  <datafield tag="300" ind1=" " ind2=" ">
    <subfield code="a">128p.</subfield>
    <subfield code="b">PB</subfield>
    <subfield code="c">21x14cm.</subfield>
  </datafield>
  <datafield tag="365" ind1=" " ind2=" ">
    <subfield code="2">Malayalam</subfield>
    <subfield code="b">85.00</subfield>
    <subfield code="c">&#x20B9;</subfield>
    <subfield code="d">85.00</subfield>
  </datafield>
  <datafield tag="650" ind1=" " ind2=" ">
    <subfield code="a">Malayalam Essays: &#xD2E;&#xD32;&#xD2F;&#xD3E;&#xD33;&#xD02; &#xD0E;&#xD38;&#xD4D;&#xD38;&#xD47;&#xD2F;&#xD4D;&#x200C;&#xD38;&#xD4D; </subfield>
    <subfield code="9">124257</subfield>
  </datafield>
  <datafield tag="700" ind1=" " ind2=" ">
    <subfield code="a">THAMPY (Rosi): &#xD24;&#xD2E;&#xD4D;&#xD2A;&#xD2F;&#xD4D; (&#xD31;&#xD4B;&#xD38;&#xD3F;)</subfield>
    <subfield code="9">124258</subfield>
  </datafield>
  <datafield tag="942" ind1=" " ind2=" ">
    <subfield code="2">ddc</subfield>
    <subfield code="c">DB</subfield>
  </datafield>
  <datafield tag="999" ind1=" " ind2=" ">
    <subfield code="c">227569</subfield>
    <subfield code="d">227569</subfield>
  </datafield>
  <datafield tag="952" ind1=" " ind2=" ">
    <subfield code="0">0</subfield>
    <subfield code="1">0</subfield>
    <subfield code="2">ddc</subfield>
    <subfield code="4">0</subfield>
    <subfield code="7">0</subfield>
    <subfield code="8">OTH</subfield>
    <subfield code="a">AL</subfield>
    <subfield code="b">AL</subfield>
    <subfield code="d">2023-06-10</subfield>
    <subfield code="l">0</subfield>
    <subfield code="o">894.8124 THAS</subfield>
    <subfield code="p">D05774</subfield>
    <subfield code="r">2023-06-19 00:00:00</subfield>
    <subfield code="v">85.00</subfield>
    <subfield code="w">2023-06-19</subfield>
    <subfield code="y">DB</subfield>
    <subfield code="z">Donated by Sara Abubakkar</subfield>
  </datafield>
</record>
